<?xml version="1.0" encoding="UTF-8"?>
<collection xmlns="http://www.loc.gov/MARC21/slim">
 <record>
  <leader>00995cas a2200241   4500</leader>
  <controlfield tag="001">00020981</controlfield>
  <controlfield tag="008">101101s2007    bg       w    000 0 eng d</controlfield>
  <datafield tag="040" ind1=" " ind2=" ">
   <subfield code="a">DLC</subfield>
   <subfield code="c">DLC</subfield>
   <subfield code="d">DLC</subfield>
   <subfield code="d">BD-DhAAL</subfield>
  </datafield>
  <datafield tag="082" ind1="0" ind2="0">
   <subfield code="a">348/.5492/022</subfield>
   <subfield code="2">21</subfield>
  </datafield>
  <datafield tag="222" ind1=" " ind2="0">
   <subfield code="a">Bangladesh Code</subfield>
  </datafield>
  <datafield tag="245" ind1="0" ind2="4">
   <subfield code="a">The Bangladesh Code </subfield>
  </datafield>
  <datafield tag="260" ind1=" " ind2=" ">
   <subfield code="a">Dhaka :</subfield>
   <subfield code="b">Ministry of Law,Justice and Parliamentary Affairs,</subfield>
   <subfield code="c">2007</subfield>
  </datafield>
  <datafield tag="362" ind1="0" ind2=" ">
   <subfield code="a">Vol.XVII,1973-1973.</subfield>
  </datafield>
  <datafield tag="500" ind1=" " ind2=" ">
   <subfield code="a">Act No.VIII of 1973 to Act No.XXXI of 1973.</subfield>
  </datafield>
  <datafield tag="500" ind1=" " ind2=" ">
   <subfield code="a">Laws contained in this volume are up to date as of January,2007</subfield>
  </datafield>
  <datafield tag="500" ind1=" " ind2=" ">
   <subfield code="a">Latest issue consulted: Vol.XVII,January 2007</subfield>
  </datafield>
  <datafield tag="541" ind1=" " ind2=" ">
   <subfield code="e">00020981</subfield>
  </datafield>
  <datafield tag="650" ind1=" " ind2="0">
   <subfield code="a">Law</subfield>
   <subfield code="z">Bangladesh.</subfield>
  </datafield>
  <datafield tag="710" ind1="1" ind2=" ">
   <subfield code="a">Ministry of law,Justice and Parliamentary Affairs.</subfield>
  </datafield>
  <datafield tag="710" ind1="1" ind2=" ">
   <subfield code="a">Government of the peoples republic of Bangladesh.</subfield>
  </datafield>
  <datafield tag="852" ind1="4" ind2=" ">
   <subfield code="a">Ayesha Abed Library</subfield>
   <subfield code="j">General shelf </subfield>
  </datafield>
  <datafield tag="999" ind1=" " ind2=" ">
   <subfield code="c">9986</subfield>
   <subfield code="d">9986</subfield>
  </datafield>
  <datafield tag="952" ind1=" " ind2=" ">
   <subfield code="0">0</subfield>
   <subfield code="1">0</subfield>
   <subfield code="2">ddc</subfield>
   <subfield code="4">0</subfield>
   <subfield code="6">348_549202200000000_BAN_2007</subfield>
   <subfield code="7">0</subfield>
   <subfield code="9">12971</subfield>
   <subfield code="a">BRACUL</subfield>
   <subfield code="b">SoL</subfield>
   <subfield code="c">REF</subfield>
   <subfield code="d">2010-11-01</subfield>
   <subfield code="l">0</subfield>
   <subfield code="o">348.5492022 BAN</subfield>
   <subfield code="p">3010020981</subfield>
   <subfield code="r">2010-11-01</subfield>
   <subfield code="t">1</subfield>
   <subfield code="w">2010-11-01</subfield>
   <subfield code="y">CR</subfield>
  </datafield>
 </record>
</collection>
